000 00723nam a2200289Ia 4500
005 20260324144937.0
008 008 260324s9999 xx 000 0 eng d
020 _a9781003458203
037 _aEBOOK
040 _aCRL
040 _beng
040 _cCRL
041 _2eng
041 _aeng
084 _qCRL
100 _aNick Heather; Ian H. Robertson; Phil Davies
_91221179
245 4 _aThe Misuse of Alcohol
245 0 _bCrucial Issues in Dependence Treatment and Prevention
260 _bTaylor and Francis
260 _c1985
365 _a
365 _b160
856 _uhttp://www.taylorfrancis.com/books/9781003458203
942 _cEBOOK
999 _c1828431
_d1828431